Statistiche per primi 3 classificati del pallone d'ore dal 1990 ad oggi

Clicka qui per fare il quiz!

Statistiche generali

  • Questo quiz è stato fatto 106 volte
  • Il punteggio medio è 75 su 102

Statistiche sulle risposte

ANNOPOSIZIONECALCIATORENAZIONE% Corretto
20073MESSIARGENTINA
99%
20121MESSIARGENTINA
99%
20082MESSIARGENTINA
99%
20211MESSIARGENTINA
99%
20151MESSIARGENTINA
99%
20132MESSIARGENTINA
99%
20191MESSIARGENTINA
99%
20162MESSIARGENTINA
99%
20091MESSIARGENTINA
99%
20101MESSIARGENTINA
99%
20142MESSIARGENTINA
99%
20111MESSIARGENTINA
99%
20172MESSIARGENTINA
99%
20021RONALDOBRASILE
99%
20112RONALDOPORTOGALLO
99%
20122RONALDOPORTOGALLO
99%
20092RONALDOPORTOGALLO
99%
19962RONALDOBRASILE
99%
20081RONALDOPORTOGALLO
99%
20131RONALDOPORTOGALLO
99%
20141RONALDOPORTOGALLO
99%
20072RONALDOPORTOGALLO
99%
19983RONALDOBRASILE
99%
19971RONALDOBRASILE
99%
20152RONALDOPORTOGALLO
99%
20193RONALDOPORTOGALLO
99%
20161RONALDOPORTOGALLO
99%
20182RONALDOPORTOGALLO
99%
20171RONALDOPORTOGALLO
99%
20221BENZEMAFRANCIA
96%
20181MODRICCROAZIA
95%
20062BUFFONITALIA
94%
20212LEWANDOWSKIPOLONIA
94%
20061CANNAVAROITALIA
92%
20123INIESTASPAGNA
91%
20102INIESTASPAGNA
91%
20173NEYMARBRASILE
91%
20153NEYMARBRASILE
91%
19981ZIDANEFRANCIA
91%
20002ZIDANEFRANCIA
91%
19973ZIDANEFRANCIA
91%
20223DE BRUYNEBELGIO
89%
20222MANESENEGAL
89%
20093XAVISPAGNA
89%
20103XAVISPAGNA
89%
20113XAVISPAGNA
89%
19942BAGGIOITALIA
82%
19931BAGGIOITALIA
82%
20213JORGINHOITALIA
82%
20071KAKABRASILE
82%
20031NEDVEDREPUBLICA CECA
80%
19891VAN BASTENOLANDA
80%
19921VAN BASTENOLANDA
80%
19881VAN BASTENOLANDA
80%
20192VAN DIJKOLANDA
79%
19882GULLITOLANDA
78%
19943MALDINIITALIA
75%
20033MALDINIITALIA
75%
20001FIGOPORTOGALLO
74%
20011OWENINGHILTERRA
74%
20043RONALDINHOBRASILE
74%
20051RONALDINHOBRASILE
74%
20163GRIEZMANNFRANCIA
72%
20183GRIEZMANNFRANCIA
72%
20143NEUERGERMANIA
71%
20083TORRESSPAGNA
69%
19951WEAHLIBERIA
68%
20133RIBERYFRANCIA
67%
20032HENRYFRANCIA
64%
20063HENRYFRANCIA
64%
19991RIVALDOBRASILE
60%
20053GERRARDINGHILTERRA
58%
20052LAMPARDINGHILTERRA
58%
19901MATTHAUSGERMANIA
54%
19913MATTHAUSGERMANIA
54%
19893RIJKAARDOLANDA
48%
19883RIJKAARDOLANDA
48%
19892BARESIITALIA
47%
19941STOICKOVBULGARIA
46%
19922STOICKOVBULGARIA
46%
19911PAPINFRANCIA
44%
19961SAMMERGERMANIA
42%
20013KAHNGERMANIA
41%
20023KAHNGERMANIA
41%
20042DECOPORTOGALLO
40%
20012RAULSPAGNA
40%
20022ROBERTO CARLOSBRASILE
40%
19993SEVCENKOUCRAINA
40%
20003SEVCENKOUCRAINA
40%
20041SEVCENKOUCRAINA
40%
19953LITMANENFINLANDIA
38%
19982SUKERCROAZIA
36%
19902SCHILLACIITALIA
34%
19992BECKHAMINGHILTERRA
33%
19963SHEARERINGHILTERRA
28%
19923BERGKAMPOLANDA
26%
19932BERGKAMPOLANDA
26%
19952KLINSMANNGERMANIA
26%
19933CANTONAFRANCIA
20%
19903BREHMEGERMANIA
19%
19912SAVICEVICYUGOSLAVIA
18%
19972MIJATOVICYUGOSLAVIA
8%

Distribuzione punteggi

Percentile per numero di risposta

Percentuale di utenti per punteggio

I tuoi punteggi nel tempo

Non hai fatto questo quiz